00683nam a2200241 a 4500001001300000003000900013005001700022008004100039020001000080082001600090100001800106245003500124260004400159300000900203500003500212505001000247650001900257700001800276902000800294942000700302952011700309999001500426nice12345678IN_TiNIC20260116012849.0050524s1873 cala grp 000 0 eng  ac10000a492.75bOBA aObaidullah, M aGrammar of the Arabic Language aCalcutta bBaptist Mission Press c1873 a225p aincludes index and biblioraphy2 aIndex aArabic-Grammar1 aObaidullah, M bSRS cBK 001040708StackRoom-aHMIbHMId2007-06-07g100.00l0o492.75 OBAp010297r2007-06-07v100.00w2005-05-24yBK c8689d8689